000 00435nam a2200193Ia 4500
005 20240823022723.0
008 240823s9999||||xx |||||||||||||| ||und||
020 _a81-7809-212-3
041 _aENGLISH
082 _A158 P3
100 _a"Anderson,Nanacy"
245 0 _aWork With Passion
250 _a1st
260 _c2003
_b"Magna,M"
_aMumbai
500 _aYES
650 _aLiving
_bGeneral
942 _cBK
999 _c179842
_d179842